| 000 | 00759nam a2200205 a 4500 | ||
|---|---|---|---|
| 001 | 5871 | ||
| 003 | CDMR | ||
| 005 | 20131128111226.0 | ||
| 008 | 130220s1995||||||||||||||||||||||||||||d | ||
| 020 | _a8439337477 | ||
| 040 |
_aCDMR _bcat _cCDMR |
||
| 100 | 1 |
_aCorbella, Joan Maria _9364 |
|
| 245 | 1 | 3 |
_aLa comunicació social a Catalunya, 1995 _cJoan M. Corbella ; amb la col·laboració de Montserrat Martí i Marta Saurina |
| 260 |
_aBarcelona _bGeneralitat de Catalunya _bCentre d'Investigació de la Comunicació _c1995 |
||
| 300 | _a166 p ; | ||
| 490 | 0 |
_aInformes (Centre d'Investigació de la Comunicació) _v11 |
|
| 650 | 0 | 4 |
_91448 _aMitjans de comunicació de massa _zCatalunya |
| 710 | 2 |
_9304 _aCentre d'Investigació de la Comunicació |
|
| 942 |
_cMON _2ddc |
||
| 999 |
_c5871 _d5871 |
||